[Event "5th Open"]
[Site "La Fere FRA"]
[Date "2006.07.12"]
[Round "7"]
[White "Molet,A"]
[Black "Lepot,S"]
[Result "0-1"]
[WhiteElo "1990"]
[BlackElo "1880"]

1.d4 Nf6 2.Nf3 g6 3.c4 Bg7 4.Nc3 d6 5.e4 O-O 6.Be2 e5 7.dxe5 dxe5 8.Qxd8 Rxd8
9.Bg5 Nc6 10.Bxf6 Bxf6 11.Nd5 Bg7 12.Nxc7 Rb8 13.Nd5 Bg4 14.Ng1 Be6 15.Bd3 Rbc8
16.Ne2 Bxd5 17.exd5 Nb4 18.O-O-O e4  0-1

[Event "25th Open"]
[Site "St Veit AUT"]
[Date "2006.07.12"]
[Round "5"]
[White "Tomitz,H"]
[Black "Ungureanu,V"]
[Result "0-1"]
[WhiteElo "2126"]
[BlackElo "2320"]

1.d4 Nf6 2.c4 g6 3.Nc3 Bg7 4.e4 d6 5.Nf3 O-O 6.Be2 e5 7.O-O Nbd7 8.dxe5 dxe5
9.Qc2 c6 10.b3 Re8 11.Bg5 Qc7 12.Rfd1 Nf8 13.h3 Ne6 14.Be3 Bf8 15.Na4 c5
16.Nc3 Nd4 17.Qd3 Bd7 18.Nd5 Nxd5 19.Bxd4 Nf4 20.Bxe5 Rxe5 21.Qxd7 Qxd7 22.Rxd7 Nxe2+
23.Kf1 Rxe4 24.Ng5 Re7 25.Rxe7 Bxe7 26.Nxh7 Ng3+ 27.fxg3 Kxh7 28.Re1 Bf6
29.Re4 Rd8 30.Ke2 Kg7 31.h4 Rd6  0-1

[Event "ch-SCO"]
[Site "Troon SCO"]
[Date "2006.07.12"]
[Round "5"]
[White "Jacob,G"]
[Black "Marks,I"]
[Result "1-0"]
[WhiteElo "2316"]
[BlackElo "1944"]

1.d4 Nf6 2.c4 g6 3.Nc3 Bg7 4.e4 d6 5.Be2 O-O 6.Nf3 e5 7.d5 a5 8.Bg5 h6 9.Bh4 Qe8
10.Nd2 Nh7 11.O-O f5 12.exf5 gxf5 13.f4 Na6 14.Kh1 Nf6 15.Rc1 Ng4 16.Bxg4 fxg4
17.fxe5 Rxf1+ 18.Qxf1 Bxe5 19.Nde4 Qg6 20.Bf6 Bxf6 21.Qxf6 Qg7 22.Qd8+ Qf8
23.Nf6+ Kf7 24.Qxf8+ Kxf8 25.Rf1 Kg7 26.Nb5 Kg6 27.Nd4 Nc5 28.Ne8 Na6 29.Rf6+ Kg5
30.Rf7 Bd7 31.Nxc7 Nxc7 32.Rxd7 Re8 33.Kg1 Re4 34.h4+ Kf6 35.Rxc7 Rxd4 36.Kh2 a4
37.b3 axb3 38.axb3 b5 39.Rd7 bxc4 40.bxc4 Rxc4 41.Rxd6+ Kg7 42.h5 Rd4 43.Kg3 Rd2
44.Rg6+ Kh7 45.d6 Rd4 46.Kh4 Rd2 47.Kg3 Rd4 48.Rf6 Rd2 49.Re6 Kg7 50.Rg6+ Kh7
51.Kxg4 Rxg2+ 52.Kf5 Rd2 53.Ke6 Re2+ 54.Kf7 Rd2 55.Ke7 Rc2 56.d7 Rc8 57.Rxh6+  1-0

[Event "3rd South Wales Int"]
[Site "Caerleon WLS"]
[Date "2006.07.13"]
[Round "8"]
[White "Cobb,C"]
[Black "Helbig,P"]
[Result "1/2-1/2"]
[WhiteElo "2403"]
[BlackElo "2184"]

1.d4 Nf6 2.Nf3 g6 3.c4 Bg7 4.Nc3 O-O 5.e4 d6 6.Be2 e5 7.dxe5 dxe5 8.Qxd8 Rxd8
9.Bg5 Re8 10.O-O-O Bg4 11.Nd5 Nxd5 12.cxd5 c6 13.h3 Bxf3 14.Bxf3 cxd5 15.exd5 Nd7
16.d6 e4 17.Bg4 Re5 18.Bf4 Rc5+ 19.Kb1 Rd8 20.Rc1 Rc6 21.Rxc6 bxc6 22.Bxd7 Rxd7
23.Rc1 g5 24.Bxg5 Rxd6 25.Be3 Bh6 26.Bxh6 Rxh6 27.Re1 Rg6 28.g3 Rf6 29.Re2 Rf3
30.b4 f5 31.Rc2 e3 32.fxe3 Rxg3 33.Rxc6 Rxe3 34.Rf6 Re5 35.Kc2 Kg7 36.Ra6 Re7
37.b5 f4 38.Ra4 Rb7 39.Rxf4 Rxb5 40.Ra4 a5 41.Kc3 Rh5  1/2-1/2

[Event "21st North Sea Cup"]
[Site "Esbjerg DEN"]
[Date "2006.07.13"]
[Round "7"]
[White "Aagaard,K"]
[Black "Petersen,To"]
[Result "1/2-1/2"]
[WhiteElo "1972"]
[BlackElo "2270"]

1.e4 g6 2.d4 Bg7 3.c4 d6 4.Nc3 Nf6 5.Nf3 O-O 6.Be2 e5 7.dxe5 dxe5 8.Qxd8 Rxd8
9.Bg5 Re8 10.Nd5 Nxd5 11.cxd5 c6 12.Rd1 Nd7 13.dxc6 bxc6 14.O-O  1/2-1/2

[Event "COQ"]
[Site "Montreal CAN"]
[Date "2006.07.13"]
[Round "7"]
[White "Luksza,A"]
[Black "Fareh,Y"]
[Result "1/2-1/2"]
[WhiteElo "2131"]
[BlackElo "2200"]

1.d4 Nf6 2.Nf3 g6 3.c4 Bg7 4.Nc3 O-O 5.e4 d6 6.Be2 e5 7.O-O exd4 8.Nxd4 Re8
9.f3 Nc6 10.Be3 Nh5 11.Qd2 Nf4 12.Ndb5 Nxe2+ 13.Nxe2 f5 14.Bg5 Qd7 15.exf5 gxf5
16.Rae1 a6 17.Nbc3 Qf7 18.b3 Ne5 19.Nd5 Be6 20.Nef4 Bxd5 21.Nxd5 c6 22.Nf4 h6
23.Bh4 Ng6 24.Bg3 Bf8 25.Nxg6 Qxg6 26.Bf4 Rxe1 27.Rxe1 Re8 28.Rxe8 Qxe8 29.Kf2 Qe6
30.g3 Kf7 31.h4 Kg6 32.Qd3 d5 33.cxd5 cxd5 34.Qd2 h5 35.Be3 Bg7 36.Qd3 Qe5
37.Qd2 d4 38.Bf4 Qc5 39.Kg2 Bf6 40.Qe2 Kf7 41.Qd3 b5 42.Bd2 Ke6 43.Kh3 Qe5
44.Kg2 Be7 45.Kf2 Bc5 46.Bf4 Qd5 47.Kg2 Bb4 48.Kf2 Kf7 49.Bd2 Bc5 50.Kg2 Kf6
51.Bg5+ Ke6 52.Bf4 Kd7 53.Bd2 Kc6 54.Qe2 Kd7 55.Qd3 Kc6 56.Qxf5  1/2-1/2

[Event "ch-Paris"]
[Site "Paris FRA"]
[Date "2006.07.13"]
[Round "6"]
[White "Karr,JP"]
[Black "Jankovic,A"]
[Result "0-1"]
[WhiteElo "2394"]
[BlackElo "2525"]

1.d4 Nf6 2.c4 g6 3.Nc3 Bg7 4.e4 d6 5.Nf3 O-O 6.Be2 e5 7.O-O Na6 8.Be3 c6
9.d5 Ng4 10.Bg5 f6 11.Bc1 f5 12.Bg5 Nf6 13.Nd2 h6 14.Bxf6 Bxf6 15.c5 Nxc5
16.b4 Nxe4 17.Ndxe4 fxe4 18.Nxe4 Be7 19.Rc1 Kg7 20.Bf3 Bd7 21.Qd3 Qb6 22.Nxd6 cxd5
23.Nc4 Qd4 24.Qxd4 exd4 25.Bxd5 Rad8 26.Rfd1 Bxb4 27.Rb1 a5 28.Rxd4 Bc6 29.Ne3 Bc5
30.Bxc6 Bxd4 31.Rxb7+ Rf7 32.Rxf7+ Kxf7 33.Nc4 Ke6 34.Kf1 Bc3 35.Ke2 Rd4
36.Ba4 Kd5 37.Ne3+ Kc5 38.Bb3 a4 39.Bf7 Rd2+ 40.Kf3 Bd4 41.h4 Kb4 42.a3+ Kc3
43.Be8 Bxe3 44.Kxe3 Rd3+ 45.Ke4 Rd2 46.Ke3 Rd3+ 47.Ke4 Rd4+ 48.Ke5 Rd2 49.Bxa4 Rxf2
50.Bc6 Rf5+ 51.Ke6 Rf4 52.a4 Kb4 53.Be8 Rxh4 54.Bxg6 Rg4 55.Be8 Rxg2 56.Kf5 Rg8
57.Bg6 Rc8 58.Kf6 Rc1 59.Bh5 Rg1 60.Be8 Ka5 61.Kf5 Rg5+ 62.Kf4 Kb4 63.Kf3 Kc3
64.Kf4 Kd2 65.Bd7 Rg7 66.Be8 Ke1 67.Kf5 Rg5+ 68.Kf4 Kf2 69.a5 Rxa5 70.Kg4 Rg5+
71.Kh4 Kf3 72.Bc6+ Kf4 73.Be8 Rg2 74.Kh3 Rg1 75.Bc6 Rc1 76.Bd5 Kg5 77.Be4 Rc3+
78.Kg2 Kh4 79.Bf5 Rg3+ 80.Kf2 Rg5 81.Be6 Kh5 82.Bf7+ Kh4 83.Be6 Rg7 84.Kf3 Re7
85.Bc8 Rc7 86.Be6 Rc3+ 87.Kf4 Rg3 88.Bf5 Rg1 89.Bd3 Kh3 90.Kf3 Rg3+  0-1

[Event "ch-Paris"]
[Site "Paris FRA"]
[Date "2006.07.13"]
[Round "6"]
[White "Bellaiche,A"]
[Black "Emmenecker,P"]
[Result "1-0"]
[WhiteElo "2482"]
[BlackElo "2175"]

1.d4 Nf6 2.c4 g6 3.Nc3 Bg7 4.e4 d6 5.Nf3 O-O 6.Be2 e5 7.Be3 exd4 8.Nxd4 Re8
9.f3 c6 10.Bf2 d5 11.exd5 cxd5 12.O-O Nc6 13.c5 a6 14.Qd2 Ne5 15.Na4 Bd7
16.Nb6 Rb8 17.b4 Bc8 18.Rac1 h5 19.a4 Kh7 20.Rcd1 Nfd7 21.Nxc8 Rxc8 22.Qa2 Nf6
23.Rfe1 Nc6 24.Nxc6 Rxc6 25.Bf1 Rxe1 26.Rxe1 Re6 27.Rd1 Qc7 28.b5 axb5 29.axb5 Bh6
30.Qb2 Qe7 31.Qd4 Be3 32.Bxe3 Rxe3 33.Ra1 Rb3 34.c6 Rb4 35.Qa7 Ng4 36.fxg4 Qd8  1-0

[Event "16th Heart of Finland Open"]
[Site "Jyvaskyla FIN"]
[Date "2006.07.14"]
[Round "6"]
[White "Maki Uuro,Mi"]
[Black "Seeman,T"]
[Result "1/2-1/2"]
[WhiteElo "2400"]
[BlackElo "2408"]

1.Nf3 Nf6 2.c4 g6 3.Nc3 Bg7 4.e4 d6 5.d4 O-O 6.Be2 Na6 7.O-O e5 8.d5 Nc5
9.Nd2 a5 10.Rb1 Ne8 11.b3 f5 12.a3 Nf6 13.b4 axb4 14.axb4 Ncxe4 15.Ndxe4 Nxe4
16.Nxe4 fxe4 17.Be3 Ra2 18.Ra1 Rxa1  1/2-1/2

[Event "ch-SUI"]
[Site "Lenzerheide SUI"]
[Date "2006.07.14"]
[Round "2"]
[White "Pelletier,Y"]
[Black "Forster,Ri"]
[Result "1-0"]
[WhiteElo "2583"]
[BlackElo "2482"]

1.Nf3 Nf6 2.c4 g6 3.Nc3 Bg7 4.d4 d6 5.e4 O-O 6.Be2 Na6 7.O-O e5 8.Re1 c6
9.Be3 Ng4 10.Bg5 Qa5 11.Bh4 exd4 12.Nxd4 Ne5 13.Be7 Re8 14.Nb3 Qb6 15.Bxd6 Be6
16.Na4 Qd8 17.Rc1 Qf6 18.Nac5 Nxc5 19.Nxc5 b6 20.Nxe6 Rxe6 21.c5 Rd8 22.Qc2 bxc5
23.Bxc5 Nd7 24.Be3 Qxb2 25.Red1 Qf6 26.Bg4 Rd6 27.Rxd6 Qxd6 28.Rd1 Qb4 29.h3 f5
30.exf5 Re8 31.Rxd7 Qe1+ 32.Kh2 Be5+ 33.g3 Bxg3+ 34.fxg3 Rxe3 35.Qc4+  1-0

[Event "ch-SUI"]
[Site "Lenzerheide SUI"]
[Date "2006.07.14"]
[Round "2"]
[White "Klauser,M"]
[Black "Gallagher,Jo"]
[Result "1/2-1/2"]
[WhiteElo "2402"]
[BlackElo "2516"]

1.d4 Nf6 2.c4 g6 3.Nc3 Bg7 4.e4 d6 5.Nf3 O-O 6.Be2 e5 7.O-O Na6 8.Be3 c6
9.d5 Ng4 10.Bg5 f6 11.Bh4 c5 12.Nd2 h5 13.h3 Nh6 14.a3 Nf7 15.Rb1 Bh6 16.b4 b6
17.Nb5 Bg5 18.Bg3 Qe7 19.Rb3 Kg7 20.Re1 Bd7 21.Nf3  1/2-1/2

[Event "6th TCh-Euro u18"]
[Site "Balatonlelle HUN"]
[Date "2006.07.15"]
[Round "4"]
[White "Fodor,T jr"]
[Black "Saric,Iv"]
[Result "0-1"]
[WhiteElo "2429"]
[BlackElo "2394"]

1.d4 Nf6 2.c4 g6 3.Nc3 Bg7 4.e4 d6 5.Nf3 O-O 6.Be2 e5 7.O-O Na6 8.Re1 c6
9.Bg5 h6 10.Bh4 exd4 11.Qxd4 g5 12.Bg3 Nxe4 13.Qxe4 f5 14.Qc2 f4 15.Rad1 fxg3
16.hxg3 Bf5 17.Qd2 Qb6 18.b3 Qb4 19.Nd4 Nc7 20.Bf3 Be5 21.Re2 Bg6 22.Qc1 Rae8
23.Red2 Ne6 24.a3 Qb6 25.Nxe6 Rxe6 26.b4 Ref6 27.c5 Qc7 28.cxd6 Bxd6 29.Be4 Bh5
30.Re1 Be5 31.Bb1 Kh8 32.Ne4 R6f7 33.Nc5 Re7 34.Re3 Rfe8 35.Qc2 b6 36.Ne4 Bg6
37.Qc4 Bg7 38.Nd6 Rxe3 39.Bxg6 Re1+ 40.Kh2 Rf8 41.Nf7+ Rxf7 42.Bxf7 b5 43.Qb3 Re7
44.Bg6 Be5 45.Qf3 Kg7 46.Be4 Qc8 47.Bxc6 g4 48.Qd5 Qf5 49.Bxb5 h5 50.Bc4 h4
51.Qd3 hxg3+ 52.fxg3 Qg5 53.Rd1 Qh4+ 54.Kg1 Bxg3 55.Qd4+ Be5 56.Qd5 Bh2+  0-1

[Event "6th TCh-Euro u18"]
[Site "Balatonlelle HUN"]
[Date "2006.07.15"]
[Round "4"]
[White "Gonda,L"]
[Black "Nestorovic,N"]
[Result "1-0"]
[WhiteElo "2447"]
[BlackElo "2152"]

1.d4 Nf6 2.c4 g6 3.Nc3 Bg7 4.e4 d6 5.Be2 O-O 6.Nf3 c6 7.O-O e5 8.Qc2 Nbd7
9.d5 a5 10.a3 Nc5 11.Be3 Na6 12.dxc6 bxc6 13.Rad1 Qc7 14.h3 Rb8 15.Na4 h6
16.Nd2 Nd7 17.Nb3 f5 18.c5 Ndxc5 19.Nbxc5 Nxc5 20.Nxc5 f4 21.Bc1 dxc5 22.Qxc5 f3
23.Bxf3 Bxh3 24.Be2 Bc8 25.Rd6 Qb6 26.Qxb6 Rxb6 27.Rxg6 Kh7 28.Rd6 Rf6 29.Rfd1 Be6
30.R6d3 Bf8 31.Rc3 Be7 32.Bc4 Bg4 33.Rdd3 Rb8 34.Ba2 Be6 35.Bxe6 Rxe6 36.Rd7 Kg6
37.Rc7 Rb6 38.g3 h5 39.Kg2 h4 40.gxh4 Bxh4 41.Rh3 Be7 42.Rh6+ Kf7 43.Rh7+ Ke8
44.Bg5  1-0

[Event "16th Heart of Finland Open"]
[Site "Jyvaskyla FIN"]
[Date "2006.07.15"]
[Round "7"]
[White "Seeman,T"]
[Black "Sarakauskas,G"]
[Result "1/2-1/2"]
[WhiteElo "2408"]
[BlackElo "2414"]

1.c4 Nf6 2.Nc3 g6 3.e4 d6 4.d4 Bg7 5.Nf3 O-O 6.Be2 e5 7.dxe5 dxe5 8.Qxd8 Rxd8
9.Nd5 Nxd5 10.cxd5 c6  1/2-1/2

[Event "Canadian Open"]
[Site "Kitchener CAN"]
[Date "2006.07.15"]
[Round "1"]
[White "Huzman,A"]
[Black "Henry,Lia"]
[Result "1-0"]
[WhiteElo "2585"]
[BlackElo "2090"]

1.Nf3 Nf6 2.c4 g6 3.Nc3 Bg7 4.e4 d6 5.d4 O-O 6.Be2 e5 7.Be3 exd4 8.Nxd4 Re8
9.f3 Nc6 10.O-O Nh5 11.Qd2 Nxd4 12.Bxd4 Nf4 13.Rf2 Bxd4 14.Qxd4 Nxe2+ 15.Rxe2 b6
16.Nd5 Re6 17.Rd1 Bb7 18.Red2 Bxd5 19.cxd5 Re7 20.Rc1 Qd7 21.Qf6 a5 22.Rdc2 Ra7
23.Rc6 Qe8 24.g4 Rd7 25.h4 Qe7 26.g5 h6 27.Kf2 Kh7 28.h5 Qxf6 29.gxf6 gxh5
30.Rg1 Ra8 31.Rg7+ Kh8 32.Kg3 Rg8 33.Rxg8+ Kxg8 34.Kh4  1-0

[Event "SCCF State Championship"]
[Site "Los Angeles USA"]
[Date "2006.07.15"]
[Round "6"]
[White "Lakdawala,C"]
[Black "Matikozian,A"]
[Result "0-1"]
[WhiteElo "2440"]
[BlackElo "2461"]

1.Nf3 Nf6 2.c4 g6 3.Nc3 Bg7 4.e4 d6 5.d4 O-O 6.Be2 Nbd7 7.O-O e5 8.Be3 Ng4
9.Bg5 f6 10.Bh4 c6 11.dxe5 dxe5 12.Nd2 Nh6 13.b4 Nf7 14.c5 a5 15.a3 axb4
16.axb4 Rxa1 17.Qxa1 Nxc5 18.bxc5 Qxd2 19.Rd1 Qh6 20.Bg3 f5 21.f3 Qg5 22.Bc4 Qe7
23.Bf2 Kh8 24.Qa2 Ng5 25.Re1 Ne6 26.Na4 fxe4 27.Rxe4 Nf4 28.Re1 Qg5 29.Be3 e4
30.fxe4 Nh3+ 31.Kh1 Qh4 32.Rf1 Rxf1+ 33.Bxf1 Be5  0-1

[Event "Open A"]
[Site "Oberwart AUT"]
[Date "2006.07.15"]
[Round "8"]
[White "Danner,G"]
[Black "Wolfram,D"]
[Result "1-0"]
[WhiteElo "2411"]
[BlackElo "2137"]

1.d4 Nf6 2.Nf3 g6 3.c4 Bg7 4.Nc3 O-O 5.e4 d6 6.Be2 e5 7.d5 Nbd7 8.O-O a5
9.Qc2 Nc5 10.Bg5 h6 11.Be3 b6 12.Ne1 Ng4 13.Bxg4 Bxg4 14.a3 f5 15.f3 Bh5
16.Rb1 f4 17.Bf2 g5 18.b4 axb4 19.axb4 Nd7 20.c5 dxc5 21.bxc5 Nxc5 22.Bxc5 bxc5
23.Nd3 Bf7 24.Nxc5 c6 25.Rfd1 cxd5 26.Nxd5 Qa5 27.Nd7 Rfd8 28.Rb7 Bxd5 29.exd5 Qa4
30.Nf6+  1-0

[Event "25th Open"]
[Site "St Veit AUT"]
[Date "2006.07.15"]
[Round "8"]
[White "Wilfling,H"]
[Black "Praznik,A"]
[Result "1/2-1/2"]
[WhiteElo "2153"]
[BlackElo "2317"]

1.d4 Nf6 2.c4 g6 3.Nc3 Bg7 4.e4 d6 5.Nf3 O-O 6.Be2 e5 7.O-O Na6 8.d5 Nc5
9.Qc2 a5 10.Re1 Ne8 11.Na4 b6 12.Nxc5 bxc5 13.Bd2 h6 14.Bc3 a4 15.Rf1 f5
16.Bd3 f4 17.b4 axb3 18.axb3 Rxa1 19.Rxa1 Bd7 20.b4 cxb4 21.Bxb4 g5 22.c5 g4
23.Nd2 dxc5 24.Bxc5 Nd6 25.Rb1 Rf7 26.Nc4 Qf6 27.Rb8+ Kh7 28.Ba3 h5 29.Bb2 Qg5
30.Nd2 Be8 31.Nf1 h4 32.Bc1 Bh6 33.g3 Qg6 34.gxf4 Bxf4 35.Bxf4 Rxf4 36.Qxc7+ Rf7
37.Qd8 Qf6 38.Qxf6 Rxf6 39.Rd8 Kh6 40.Ne3 Kg5 41.Nf5 Nxf5 42.exf5 Ba4 43.Rg8+ Kf4
44.Rg6 Rf8 45.Be2 Kxf5 46.Rxg4 Bb3 47.d6 Rd8 48.Rb4 Be6 49.Bg4+ Kf6 50.Bxe6 Kxe6
51.Rxh4 Rg8+ 52.Kf1 Kxd6 53.f3 Ke6 54.Rg4 Rh8 55.h4 Kf5 56.Kg2 Ra8 57.Kg3 Ra1
58.h5 Ra6 59.Kh4 Ra1 60.Kg3 Ra6 61.Rg7 Ra1 62.h6 Rh1 63.h7 Kf6 64.Ra7 Kg6
65.Kg2 Rxh7  1/2-1/2

[Event "6th TCh-Euro u18"]
[Site "Balatonlelle HUN"]
[Date "2006.07.16"]
[Round "5"]
[White "Pap,G"]
[Black "Levin,Ev"]
[Result "1/2-1/2"]
[WhiteElo "2412"]
[BlackElo "2336"]

1.d4 Nf6 2.c4 g6 3.Nc3 Bg7 4.e4 d6 5.Be2 O-O 6.Nf3 e5 7.Be3 Na6 8.O-O Ng4
9.Bg5 Qe8 10.c5 h6 11.Bh4 g5 12.Bg3 exd4 13.Nxd4 dxc5 14.Nb3 Ne5 15.Bxa6 bxa6
16.Nxc5 Rb8 17.Qc2 f5 18.exf5 Bxf5 19.Qe2 Nd3 20.Qxe8 Rfxe8 21.Nxa6 Rxb2
22.Nxc7 Re7 23.N7d5 Rd7 24.Rab1 Rxb1 25.Rxb1 Be6 26.Nc7 Bc4 27.Ne4 Bxa2 28.Rb8+ Kf7
29.h3 Nc1 30.Bd6 Ne2+ 31.Kh1 Nc3 32.Nxc3 Bxc3 33.Nb5 Bf6 34.Bg3 Be7 35.Ra8 Bc4
36.Nxa7 Bd5 37.Rh8 Rxa7 38.Rxh6 Kg7 39.Rb6 Bf6 40.Rb5 Rd7 41.Kh2 Kg6 42.Rb6 Kf7
43.Rd6 Rxd6 44.Bxd6 Ke6 45.Bb8 Kf5 46.f3 Bc3 47.g4+ Kg6 48.f4  1/2-1/2

[Event "ch-SUI"]
[Site "Lenzerheide SUI"]
[Date "2006.07.16"]
[Round "4"]
[White "Wirthensohn,H"]
[Black "Gallagher,Jo"]
[Result "1-0"]
[WhiteElo "2397"]
[BlackElo "2516"]

1.Nf3 Nf6 2.c4 g6 3.Nc3 Bg7 4.e4 d6 5.d4 O-O 6.Be2 e5 7.O-O Na6 8.Re1 c6
9.Be3 exd4 10.Nxd4 Re8 11.f3 Nc7 12.Qd2 d5 13.cxd5 cxd5 14.Ndb5 Be6 15.e5 Nd7
16.f4 Nxb5 17.Nxb5 f6 18.Rac1 fxe5 19.Nc7 Bf7 20.Nxe8 Qxe8 21.Bb5 a6 22.Bxd7 Qxd7
23.fxe5 Bxe5 24.Bd4 Bxd4+ 25.Qxd4 Rc8 26.Rxc8+ Qxc8 27.h3 Qc7 28.b3 Qc2 29.Rf1 Qc6
30.Qf4 Qe6 31.Rc1 Qb6+ 32.Kh2 d4 33.Rc7 Be6 34.Qe5 d3 35.Qg7+  1-0

[Event "SCCF State Championship"]
[Site "Los Angeles USA"]
[Date "2006.07.16"]
[Round "7"]
[White "Yanayt,E"]
[Black "Matikozian,A"]
[Result "1/2-1/2"]
[WhiteElo "2275"]
[BlackElo "2461"]

1.d4 Nf6 2.c4 g6 3.Nc3 Bg7 4.e4 d6 5.Nf3 O-O 6.Be2 Nbd7 7.O-O e5 8.Be3 Ng4
9.Bg5 f6 10.Bd2 c6 11.h3 Nh6 12.Be3 Nf7 13.Qc2 Qe7 14.b4 Bh6 15.Bxh6 Nxh6
16.b5 f5 17.bxc6 bxc6 18.c5 dxc5 19.dxe5 Nxe5 20.Nxe5 Qxe5  1/2-1/2

[Event "3rd ACT"]
[Site "Amsterdam NED"]
[Date "2006.07.17"]
[Round "3"]
[White "Ftacnik,L"]
[Black "Gullaksen,E"]
[Result "1-0"]
[WhiteElo "2579"]
[BlackElo "2387"]

1.d4 Nf6 2.Nf3 g6 3.c4 Bg7 4.Nc3 O-O 5.e4 d6 6.Be2 e5 7.O-O Na6 8.Re1 c6
9.Bf1 exd4 10.Nxd4 Ng4 11.h3 Qb6 12.hxg4 Qxd4 13.g5 Qxd1 14.Rxd1 Nc5 15.f3 Be5
16.Be3 Be6 17.Rac1 a5 18.b3 f6 19.gxf6 Rxf6 20.Ne2 Bf7 21.Bg5 Re6 22.g3 Ree8
23.Rc2 b6 24.Bg2 Kg7 25.f4 Ne6 26.fxe5 Nxg5 27.exd6 Rad8 28.Nd4 c5 29.Nc6 Rd7
30.Rcd2 a4 31.e5 Be6 32.bxa4 Bxc4 33.a5 bxa5 34.Nxa5 Bb5 35.Rb1 Ba4 36.Nc4 Ra7
37.Rdb2 Kh6 38.Rb7 Rxb7 39.Rxb7 Kh5 40.Bd5 Kg4 41.Kg2 Kf5 42.Rb2 Ne6 43.Rf2+ Kg5
44.Nb6 Bb5 45.a4  1-0

[Event "XI Open"]
[Site "Balaguer ESP"]
[Date "2006.07.20"]
[Round "4"]
[White "Pogorelov,R"]
[Black "Babaev,Ra"]
[Result "0-1"]
[WhiteElo "2395"]
[BlackElo "2454"]

1.Nf3 Nf6 2.c4 g6 3.Nc3 Bg7 4.e4 d6 5.d4 O-O 6.Be2 e5 7.d5 a5 8.Bg5 h6 9.Bh4 Na6
10.Nd2 Bd7 11.a3 Qe8 12.b3 Nh7 13.f3 f5 14.Rb1 h5 15.b4 axb4 16.axb4 b6 17.Qc2 Kh8
18.Bf2 Bh6 19.c5 bxc5 20.bxc5 Nxc5 21.Bxc5 dxc5 22.Nc4 Ng5 23.O-O Nf7 24.exf5 gxf5
25.Bd3 Nd6 26.Rfe1 Nxc4 27.Bxc4 Qe7 28.Bb5 Bg7 29.Bxd7 Qxd7 30.Nb5 Qxd5 31.Nxc7 Ra2
32.Nxd5 Rxc2 33.Ne7 Kh7 34.Nc6 Ra8 35.Rbc1 Rb2 36.Nxe5 Raa2 37.Rxc5 Rxg2+
38.Kh1 Rxh2+ 39.Kg1 Rag2+ 40.Kf1 Rd2 41.Kg1 h4 42.Rc4 h3 43.Rh4+ Kg8  0-1

[Event "US Junior"]
[Site "Dallas USA"]
[Date "2006.07.20"]
[Round "9"]
[White "Bercys,S"]
[Black "Ludwig,D"]
[Result "1-0"]
[WhiteElo "2368"]
[BlackElo "2391"]

1.d4 Nf6 2.Nf3 g6 3.c4 Bg7 4.Nc3 O-O 5.e4 d6 6.Be2 e5 7.O-O Na6 8.Be3 Ng4
9.Bg5 Qe8 10.h3 h6 11.Bc1 Nf6 12.dxe5 dxe5 13.Be3 Qe7 14.Nd5 Qd8 15.Qc1 Nxe4
16.Bxh6 c6 17.Bxg7 Kxg7 18.Ne3 Qe7 19.Ng4 Bxg4 20.hxg4 Rae8 21.Qe3 Nec5 22.g3 Rh8
23.a3 e4 24.Nd4 Qe5 25.b4 Ne6 26.Nxe6+ Rxe6 27.Rfd1 c5 28.Rab1 Rc8 29.Rd5 Qc7
30.Rbd1 Re7 31.Kg2 Qb6 32.Rd6 Rc6 33.Qc3+  1-0

[Event "6th Open"]
[Site "Saint Chely d'Aubrac FRA"]
[Date "2006.07.20"]
[Round "7"]
[White "Laine,Pat"]
[Black "Boulet,S"]
[Result "1-0"]
[WhiteElo "2060"]
[BlackElo "1886"]

1.d4 Nf6 2.c4 g6 3.Nc3 Bg7 4.e4 d6 5.Be2 O-O 6.Nf3 e5 7.O-O exd4 8.Nxd4 Re8
9.Bg5 h6 10.Bh4 g5 11.Bg3 Nxe4 12.Bf3 Nxc3 13.bxc3 Nd7 14.Nf5 Qf6 15.Nxg7 Qxg7
16.Qc2 Ne5 17.Be4 Nxc4 18.Rae1 Be6 19.Bxb7 Rab8 20.Bc6 Rb2 21.Qa4 Nb6 22.Qa3 Rxa2
23.Rxe6 Rxe6 24.Qxa2 Qxc3 25.Bf3 a5 26.Bg4 Re4 27.Bf5 Re1 28.Qc2 Qa1 29.Bd3 Nd5
30.Qc4 Nc3 31.f4 Rxf1+ 32.Bxf1 a4 33.fxg5 hxg5 34.Qg4 Qc1 35.Bf2 f5 36.Qh5 a3
37.Bd4 a2 38.Qe8+ Kh7 39.Qf7+  1-0

[Event "XI Open"]
[Site "Balaguer ESP"]
[Date "2006.07.21"]
[Round "5"]
[White "Karavade,E"]
[Black "Guliev,L"]
[Result "1-0"]
[WhiteElo "2316"]
[BlackElo "2417"]

1.Nf3 Nf6 2.c4 g6 3.Nc3 Bg7 4.e4 d6 5.d4 O-O 6.Be2 e5 7.Be3 exd4 8.Nxd4 Re8
9.f3 c6 10.Nc2 d5 11.cxd5 cxd5 12.exd5 Bf5 13.Bf2 Nxd5 14.Nxd5 Bxc2 15.Qxc2 Qxd5
16.O-O Nc6 17.Bc4 Qh5 18.Rad1 Be5 19.h3 Rad8 20.Qb3 Qf5 21.Bd5 Qf6 22.Rfe1 Rb8
23.Re4 Red8 24.Bh4 Qf5 25.g4 Qc8 26.Bxd8 Nd4 27.Rexd4 Qc5 28.Qc4  1-0

[Event "Sunny Pawn A"]
[Site "Illichevsk UKR"]
[Date "2006.07.21"]
[Round "2"]
[White "Korobov,A"]
[Black "Kozak,L"]
[Result "1/2-1/2"]
[WhiteElo "2559"]
[BlackElo "2319"]

1.d4 Nf6 2.c4 g6 3.Nc3 Bg7 4.e4 d6 5.Nf3 O-O 6.Be2 e5 7.O-O Nbd7 8.d5 Nc5
9.Qc2 a5 10.Bg5 h6 11.Be3 b6 12.Nd2 Bg4 13.Rae1 Bxe2 14.Rxe2 Ng4 15.Bxc5 dxc5
16.Qa4 Re8 17.Qc6 Bf8 18.h3 Nf6 19.f4 Nh5 20.f5 g5 21.f6 Bd6 22.Ref2 Kh7
23.Qa4 Rg8 24.Qd1 Nf4 25.Kh2 g4 26.hxg4 Qd7 27.Ne2 Nxe2 28.Qxe2 Qxg4 29.Qxg4 Rxg4
30.Re2 Rag8 31.Rf3 Rh4+ 32.Kg1 Rhg4 33.Nf1 R4g5 34.g3 h5 35.Kg2 h4 36.Kh3 hxg3
37.Rxg3 Rxg3+ 38.Nxg3 Rg6 39.Rf2 Kg8 40.Rf5 Kh7 41.Kh4 Kg8 42.Kh3 Kh7 43.Kg2 Kg8
44.Kf3 Kh7 45.Kf2 Kg8 46.Kg2 Kh7 47.Kh3 Kg8 48.Kh4 Kh7 49.Rh5+ Kg8 50.Rg5 Kh7
51.Rxg6 Kxg6 52.Nf5 Bf8 53.Kg4 Bd6 54.b3 Bf8 55.Nh4+ Kxf6 56.Kh5 Bd6 57.Nf5 Bf8
58.Ne3 Bg7 59.Ng4+ Ke7 60.Kg5 Kd7 61.Ne3 Ke8 62.Nf5 Kf8 63.d6 cxd6 64.Nxd6 Ke7
65.Nc8+ Ke6 66.Nxb6 Bf6+ 67.Kg4 Be7 68.Nd5 Bf8 69.Ne3 Bh6 70.Nf5 Bd2 71.Kf3 Bg5
72.Kg4 Bd2 73.Ng7+ Kf6 74.Ne8+ Ke6 75.Nc7+ Kf6 76.Na6 Be3 77.Nb8 Ke6 78.Nc6 Bd2
79.Nd8+ Kf6 80.Nb7 Bb4 81.Nd6 Bd2 82.Kf3 Ke6 83.Nf5 Kf6 84.Ke2 Bc1 85.Nd6 Ba3
86.Kd2 Ke6 87.Nf5 Kf6 88.Kd3 Kg5 89.Nd6 f6 90.Nf5 Kf4 91.Ne7 Kg5 92.Ke3 Kg4
93.Kd2 Kf4 94.Kd3 Kg5 95.Nf5 Kf4 96.Nd6 Kg4 97.Ne8 f5 98.exf5 Kxf5 99.Nd6+ Kf4
100.Ne4 Bb4 101.Nd6  1/2-1/2

[Event "Czech Open A"]
[Site "Pardubice CZE"]
[Date "2006.07.21"]
[Round "1"]
[White "Korotkjevich,S"]
[Black "Mamedov,Rau"]
[Result "0-1"]
[WhiteElo "2326"]
[BlackElo "2561"]

1.d4 Nf6 2.Nf3 g6 3.c4 Bg7 4.Nc3 d6 5.e4 O-O 6.Be2 Na6 7.O-O e5 8.d5 Nh5
9.g3 f5 10.exf5 Bxf5 11.Ng5 Nf6 12.Be3 Qe7 13.f3 e4 14.fxe4 Nxe4 15.Ncxe4 Bxe4
16.Bg4 Rxf1+ 17.Kxf1 Nc5 18.Qd2 h6 19.Be6+ Nxe6 20.Nxe6 Qf6+ 21.Qf2 Bd3+
22.Kg1 Qxf2+ 23.Kxf2 Bxb2 24.Rd1 Bxc4 25.Rb1 Be5 26.Nxc7 Rf8+ 27.Kg1 b6 28.Rc1 Bxa2
29.Bxh6 Bd4+ 30.Kg2 Rc8 31.Rd1 Be5 32.Rc1 Bb2 33.Rc2 Bxd5+ 34.Kh3 Be5 35.Rd2 Rxc7
36.Rxd5 Rh7  0-1

[Event "Czech Open A"]
[Site "Pardubice CZE"]
[Date "2006.07.21"]
[Round "1"]
[White "Krzesaj,R"]
[Black "Henrichs,T"]
[Result "1/2-1/2"]
[WhiteElo "2275"]
[BlackElo "2491"]

1.d4 Nf6 2.Nf3 g6 3.c4 Bg7 4.Nc3 O-O 5.e4 d6 6.Be2 e5 7.O-O Na6 8.Be3 Ng4
9.Bg5 Qe8 10.dxe5 dxe5 11.Nd2 h6 12.Bh4 Nf6 13.Nd5 Qd8 14.Nf3 c6 15.Nxf6+ Bxf6
16.Bxf6 Qxf6 17.Qc1 Kg7 18.c5 Nc7 19.h3 Ne6 20.Rd1 Nf4 21.Qe3 Rd8 22.Bf1 Rxd1
23.Rxd1 Qe7 24.Rd6 f6 25.Qd2 Ne6 26.b4 a5 27.a3 axb4 28.axb4 Nf8 29.Bc4 Bd7
30.Nh2 Ra1+ 31.Nf1 Be8 32.Qc3 Ra8 33.Qd2 Ra1 34.Qc3 Ra8  1/2-1/2

[Event "XLVIII TCh-POR"]
[Site "Evora POR"]
[Date "2006.07.22"]
[Round "1"]
[White "Vitor,A"]
[Black "Ribeiro,Fe"]
[Result "1/2-1/2"]
[WhiteElo "2414"]
[BlackElo "2262"]

1.Nf3 Nf6 2.c4 g6 3.Nc3 Bg7 4.e4 O-O 5.d4 d6 6.Be2 e5 7.O-O Nbd7 8.Be3 c6
9.Qc2 Qe7 10.Rfe1 h6 11.h3 exd4 12.Bxd4 Re8 13.Bf1 Ne5 14.Nxe5 dxe5 15.Be3 Nd7
16.Rad1 Nf8 17.c5 Rd8 18.Rxd8 Qxd8 19.Rd1 Qa5 20.Qa4 Qxa4 21.Nxa4 Be6 22.b3 f5
23.f3 fxe4 24.fxe4 g5 25.Be2 Bf6 26.Kf2  1/2-1/2

[Event "XLVIII TCh-POR"]
[Site "Evora POR"]
[Date "2006.07.22"]
[Round "1"]
[White "Damaso,R"]
[Black "Ferreira,P"]
[Result "1/2-1/2"]
[WhiteElo "2463"]
[BlackElo "2052"]

1.Nf3 Nf6 2.c4 d6 3.d4 g6 4.Nc3 Bg7 5.e4 O-O 6.Be2 e5 7.O-O Nbd7 8.Be3 c6
9.d5 c5 10.Nd2 Ne8 11.g4 Bf6 12.Nf3 Ng7 13.Kh1 a6 14.Rg1 Qe8 15.Bh6 Be7 16.a4 Nf6
17.Ne1 Kh8 18.Nd3 Ng8 19.Be3 f5 20.f3 Bd7 21.a5 Qf7 22.Qb1 Bh4 23.b4 f4 24.Bf2 Bxf2
25.Nxf2 cxb4 26.Qxb4 Qe7 27.Rab1 Rab8 28.Qa3 Nh6 29.Nd3 Rbc8 30.Rb6 Nf7 31.c5 h5
32.cxd6 Qh4 33.Nc5 Rxc5 34.Qxc5 Rc8 35.Qb4 hxg4 36.fxg4 Ng5 37.Nd1 f3 38.Qe1 Qxe1
39.Rxe1 fxe2 40.Nf2 Bb5 41.Kg2 Rb8 42.Rxb5 axb5 43.Rxe2  1/2-1/2

[Event "Open"]
[Site "Kiel GER"]
[Date "2006.07.22"]
[Round "1"]
[White "Bluebaum,K"]
[Black "Simon,C"]
[Result "1-0"]
[WhiteElo "2250"]
[BlackElo "1901"]

1.d4 Nf6 2.c4 g6 3.Nc3 Bg7 4.e4 d6 5.Nf3 O-O 6.Be2 e5 7.Be3 Nc6 8.d5 Ne7
9.Nd2 Nd7 10.b4 f5 11.f3 b6 12.Nb3 Nf6 13.c5 f4 14.Bf2 Ne8 15.a4 g5 16.h3 Ng6
17.cxb6 cxb6 18.a5 Bd7 19.axb6 axb6 20.Nb5 Nh4 21.Rg1 h6 22.Kd2 Ng6 23.Rxa8 Qxa8
24.Qa1 Qxa1 25.Rxa1 Bxb5 26.Bxb5 Nc7 27.Bf1 Na8 28.Ra7  1-0